La cueva de la higuera y cronología sucinta de Berja / (Record no. 30141)

MARC details
000 -LEADER
campo de control de longitud fija 00482nam a2200157 i 4500
001 - NÚMERO DE CONTROL
campo de control 30141
003 - IDENTIFICADOR DE NÚMERO DE CONTROL
campo de control ES-MaACL
005 - FECHA Y HORA DE LA ÚLTIMA TRANSACCIÓN
campo de control 20230906154138.0
007 - CAMPO FIJO DE DESCRIPCIÓN FÍSICA--INFORMACIÓN GENERAL
campo de control de longitud fija t|
008 - DATOS DE LONGITUD FIJA--INFORMACIÓN GENERAL
campo de control de longitud fija 030123s1960 sp ||||1| spa d
100 1# - ENTRADA PRINCIPAL--NOMBRE DE PERSONA
Nombre de persona Barrionuevo, José B.
9 (RLIN) 26015
245 13 - MENCIÓN DEL TÍTULO
Título La cueva de la higuera y cronología sucinta de Berja /
Mención de responsabilidad, etc. por José B. Barrionuevo.
260 ## - PUBLICACIÓN, DISTRIBUCIÓN, ETC.
Lugar de publicación, distribución, etc. Madrid :
Nombre del editor, distribuidor, etc. [s.n.,
Fecha de publicación, distribución, etc. 1960] (
Fabricante Tip. Flo-rez)
300 ## - DESCRIPCIÓN FÍSICA
Extensión 63 p., 10 lám. ;
Dimensiones 17 cm.
852 ## - LOCALIZACIÓN
Ubicación ES-MaACL
Número de control de estantería C-19536
Sublocalización o colección R.46742
Holdings
Estatus retirado Estado de pérdida Estado de daño No para préstamo Biblioteca de origen Biblioteca actual Ubicación en estantería Fecha de adquisición Fuente de adquisición Total de préstamos Signatura topográfica completa Código de barras Visto por última vez Precio de reemplazo Tipo de ítem Koha
        Biblioteca del Ateneo de Madrid Biblioteca del Ateneo de Madrid Galería 17/01/2008     C-19536 1031118 23/02/2023 23/02/2023 Libro impreso